Tenencia de la tierra y desarrollo socio-económico del sector agrícola: Guatemala
Sparad:
| Institutionella upphovsmän: | , |
|---|---|
| Materialtyp: | Bok |
| Språk: | spanska |
| Publicerad: |
Washington, D.C
Unión Panamericana
1965
|
| Ämnen: | |
| Taggar: |
Lägg till en tagg
Inga taggar, Lägg till första taggen!
|
MARC
| LEADER | 00000nam a2200000 a 4500 | ||
|---|---|---|---|
| 001 | UCP7670 | ||
| 003 | CL-VaPUC | ||
| 008 | 991217e19650000US |||||||||||||||||spa|d | ||
| 082 | 0 | 4 | |a 333.3 |b CID |2 21 |
| 110 | 2 | |a CIDA |e author |9 437238 | |
| 710 | 2 | |a Comité Interamericano de Desarrollo Agrícola |e author |9 437239 | |
| 245 | 1 | 0 | |a Tenencia de la tierra y desarrollo socio-económico del sector agrícola: Guatemala |
| 300 | |a 244 p | ||
| 942 | |c BK | ||
| 945 | |d 19991217 00:00:00 |a crobeson | ||
| 260 | |a Washington, D.C |b Unión Panamericana |c 1965 | ||
| 650 | 7 | |a TENENCIA DE LA TIERRA |2 CL-VaPUC |9 264417 | |
| 650 | 7 | |a TENENCIA AGRICOLA |2 CL-VaPUC |9 437240 | |
| 650 | 0 | |a Tierras agrícolas |9 404463 | |
| 650 | 0 | |a Desarrollo económico y social |9 256320 | |
| 650 | 7 | |a SECTOR AGRICOLA |2 CL-VaPUC |9 357761 | |
| 651 | 0 | |a Guatemala |9 258335 | |
| 583 | |a last modification |c 19991217 00:00:00 |k Rodrigo Vera | ||
| 999 | |c 284787 |d 284785 | ||
| 952 | |0 0 |1 0 |4 0 |6 333_300000000000000_CID_1965 |7 0 |8 A |9 329020 |a BIBHIS |b BIBHIS |d 2019-11-20 |i 1373587 |o 333.3 CID 1965 |p 1373587 |r 2025-01-20 |w 2019-11-20 |y BK |k HIS | ||